[Event "BCF-chT4 2223 (4NCL)"]
[Site "England"]
[Date "2023.04.29"]
[Round "9.73"]
[White "Slonczuk, Pawel"]
[Black "Franco, Gaston Nicolas"]
[Result "0-1"]
[WhiteElo "1678"]
[BlackElo "2108"]
[PlyCount "84"]
[EventDate "2022.11.05"]
[EventType "team-swiss"]
[EventRounds "11"]
[EventCountry "ENG"]
[SourceTitle "EXT 2024"]
[Source "ChessBase"]
[SourceDate "2023.10.10"]
[SourceVersion "1"]
[SourceVersionDate "2023.10.10"]
[SourceQuality "1"]
[WhiteTeam "Anglian Avengers II"]
[BlackTeam "Celtic Tigers II"]
[WhiteTeamCountry "ENG"]
[BlackTeamCountry "ENG"]

1. d4 d5 2. c4 e6 3. Nf3 Nf6 4. Nc3 Be7 5. Bf4 0-0 6. e3 c6 7. Bd3 dxc4 8. Bxc4 b5 9. Bd3 Nbd7 10. 0-0 Bb7 11. Rc1 a6 12. e4 c5 13. d5 b4 14. d6 bxc3 15. dxe7 Qxe7 16. Rxc3 Bxe4 17. Ra3 Bxd3 18. Qxd3 Nd5 19. Ng5 N7f6 20. Be5 Rfd8 21. Qf3 Ne8 22. Ne4 f6 23. Bc3 Nd6 24. Nd2 Nb5 25. Ba5 Nxa3 26. Bxd8 Rxd8 27. Qxa3 Nf4 28. Nc4 Qb7 29. f3 Qd5 30. Ne3 Qd4 31. Rd1 Nd3 32. Rxd3 Qxd3 33. Qxc5 Qb1+ 34. Kf2 Qxb2+ 35. Kg3 Qd4 36. Qe7 Qd6+ 37. Qxd6 Rxd6 38. Nf1 Rd3 39. Kf4 Ra3 40. Ne3 g5+ 41. Ke4 f5+ 42. Kd4 e5+ 0-1

[Event "BCF-chT4 2223 (4NCL)"]
[Site "England"]
[Date "2023.03.25"]
[Round "7.83"]
[White "Curran, David P1111"]
[Black "Slonczuk, Pawel"]
[Result "1-0"]
[WhiteElo "1770"]
[BlackElo "1678"]
[PlyCount "101"]
[EventDate "2022.11.05"]
[EventType "team-swiss"]
[EventRounds "11"]
[EventCountry "ENG"]
[SourceTitle "EXT 2024"]
[Source "ChessBase"]
[SourceDate "2023.10.10"]
[SourceVersion "1"]
[SourceVersionDate "2023.10.10"]
[SourceQuality "1"]
[WhiteTeam "Oxford III"]
[BlackTeam "Anglian Avengers II"]
[WhiteTeamCountry "ENG"]
[BlackTeamCountry "ENG"]

1. d4 d5 2. Nf3 Nf6 3. c4 e6 4. Bg5 Be7 5. Nc3 h6 6. Bf4 0-0 7. c5 a5 8. a3 Nc6 9. h3 b6 10. cxb6 cxb6 11. e3 Bd6 12. Ne5 Ne7 13. Nb5 Bxe5 14. Bxe5 Ne4 15. Bd3 Ba6 16. Nc7 Bxd3 17. Nxa8 Bc4 18. b3 f6 19. Bc7 Qxa8 20. bxc4 Qc6 21. f3 Qxc7 22. fxe4 Qg3+ 23. Kd2 Qxg2+ 24. Qe2 Qxe4 25. Qd3 Qg2+ 26. Qe2 Qe4 27. Qg4 Qxg4 28. hxg4 dxc4 29. Rab1 Rc8 30. Rxb6 c3+ 31. Kc2 Kf7 32. e4 Rc4 33. Rd1 a4 34. Rb4 Rc7 35. Rd3 f5 36. gxf5 exf5 37. Rxc3 Rxc3+ 38. Kxc3 fxe4 39. Rxa4 Nd5+ 40. Kd2 e3+ 41. Ke1 h5 42. Ra5 Ke6 43. Ra8 Kf5 44. Re8 h4 45. Re5+ Kg4 46. Rxd5 h3 47. Rd8 g5 48. Ke2 Kg3 49. Kxe3 g4 50. d5 Kg2 51. d6 1-0

[Event "Hammersmith CC op U2000"]
[Site "London"]
[Date "2022.06.04"]
[Round "1"]
[White "Slonczuk, Pawel"]
[Black "Li, Harvey"]
[Result "1-0"]
[WhiteElo "1696"]
[BlackElo "1020"]
[PlyCount "41"]
[EventDate "2022.06.04"]
[EventType "swiss"]
[EventRounds "5"]
[EventCountry "ENG"]
[SourceTitle "CBM 208 Extra"]
[Source "ChessBase"]
[SourceDate "2022.07.31"]
[SourceVersion "1"]
[SourceVersionDate "2022.07.31"]
[SourceQuality "1"]

1. d4 e6 2. c4 d5 3. Nf3 Nf6 4. g3 Be7 5. Bg2 dxc4 6. 0-0 Nc6 7. Qa4 Bd7 8. Qxc4 0-0 9. Nc3 Rc8 10. Ne5 Ne8 11. Nxd7 Qxd7 12. Bxc6 bxc6 13. Rd1 Nd6 14. Qa4 Ra8 15. d5 exd5 16. Nxd5 Nb5 17. Nf6+ Bxf6 18. Rxd7 Rfe8 19. Qc4 Nd6 20. Qxc6 Rxe2 21. Qxa8+ 1-0

[Event "London Central U2000"]
[Site "London"]
[Date "2022.04.23"]
[Round "2"]
[White "Slonczuk, Pawel"]
[Black "Kalerwa, Edwin M"]
[Result "0-1"]
[WhiteElo "1468"]
[BlackElo "1654"]
[PlyCount "30"]
[EventDate "2022.04.22"]
[EventType "swiss"]
[EventRounds "5"]
[EventCountry "ENG"]
[SourceTitle "EXT 2024"]
[Source "ChessBase"]
[SourceDate "2023.10.10"]
[SourceVersion "1"]
[SourceVersionDate "2023.10.10"]
[SourceQuality "1"]

1. d4 Nf6 2. c4 c5 3. d5 g6 4. Nc3 Bg7 5. Nf3 d6 6. e4 0-0 7. Be2 Bd7 8. 0-0 Na6 9. h3 Rb8 10. Be3 Nc7 11. a4 a6 12. a5 b6 13. Qc2 bxa5 14. Rxa5 Ncxd5 15. Rxa6 Nb4 0-1

[Event "London Mill Hill op U1900"]
[Site "London"]
[Date "2022.03.27"]
[Round "4"]
[White "Yedid, Lior"]
[Black "Slonczuk, Pawel"]
[Result "0-1"]
[WhiteElo "1337"]
[BlackElo "1507"]
[PlyCount "40"]
[EventDate "2022.03.26"]
[EventType "swiss"]
[EventRounds "5"]
[EventCountry "ENG"]
[SourceTitle "EXT 2024"]
[Source "ChessBase"]
[SourceDate "2023.10.10"]
[SourceVersion "1"]
[SourceVersionDate "2023.10.10"]
[SourceQuality "1"]

1. e4 c5 2. d4 cxd4 3. c3 e5 4. Nf3 Nc6 5. Bb5 Nf6 6. Bxc6 dxc6 7. Nxe5 Nxe4 8. Qe2 Qd5 9. Nd3 Be7 10. Nf4 Qf5 11. g4 Qe5 12. f3 Bh4+ 13. Kf1 f5 14. gxf5 Bxf5 15. fxe4 Bxe4 16. Rg1 0-0 17. Rg4 Qf5 18. Kg1 d3 19. Qe3 Qxg4+ 20. Kf1 Qg2# 0-1

[Event "London Mill Hill op U1900"]
[Site "London"]
[Date "2022.03.26"]
[Round "2"]
[White "Slonczuk, Pawel"]
[Black "Bryant, Harry"]
[Result "0-1"]
[WhiteElo "1507"]
[BlackElo "1413"]
[PlyCount "86"]
[EventDate "2022.03.26"]
[EventType "swiss"]
[EventRounds "5"]
[EventCountry "ENG"]
[SourceTitle "EXT 2024"]
[Source "ChessBase"]
[SourceDate "2023.10.10"]
[SourceVersion "1"]
[SourceVersionDate "2023.10.10"]
[SourceQuality "1"]

1. d4 Nf6 2. c4 g6 3. Nc3 Bg7 4. e4 d6 5. Nf3 Nbd7 6. Be2 0-0 7. 0-0 c5 8. d5 a6 9. a4 Qc7 10. h3 h5 11. Bg5 Re8 12. Qd2 b6 13. Bh6 Bb7 14. Bxg7 Kxg7 15. Rfe1 Rad8 16. Nh4 e5 17. Qg5 Nh7 18. Qg3 Kh8 19. Bd3 Ndf6 20. Qf3 Qe7 21. Qg3 Rg8 22. Qe3 Rg7 23. Kf1 Bc8 24. Ke2 g5 25. Nf5 Bxf5 26. exf5 g4 27. Kd2 Rdg8 28. a5 gxh3 29. gxh3 bxa5 30. Rxa5 Rg2 31. Rxa6 Rh2 32. Rea1 Rgg2 33. Re1 Qb7 34. Rxd6 Rxf2+ 35. Re2 Qxb2+ 36. Bc2 Rxe2+ 37. Nxe2 Qb4+ 38. Kd1 Rh1+ 39. Ng1 Qxc4 40. Rd8+ Ng8 41. Qxe5+ f6 42. Qe1 Qd4+ 43. Ke2 Rxg1 0-1